00569nam a2200193Ia 4500008004100000041000800041082001000049100002400059245003400083250000600117260002200123300000800145365001200153500001500165520001900180650001500199999001900214952014200233230512s9999 xx 000 0 und d aeng a658.8 aHUTT M D / SPEH T W aBUSINESS MARKETING MANAGEMENT a3 bTHE DRYDEN PRESS  a770 b1449.92 aPaper Back aReference Copy aManagement c397772d397772 00104070aMCKbMCKc54Cd2023-05-22eMEHTA BOOK SELLERS, KOLHAPURg1768.00h18l0o658.8pMCK-2250r2023-05-22 00:00:00w2023-05-22yBK